[Event "COL-ch U10"]
[Site "Manizales"]
[Date "2009.01.10"]
[Round "6.10"]
[White "Cardenas, Kevin Estiven"]
[Black "Garcia, Pablo2222"]
[Result "1/2-1/2"]
[WhiteElo "1500"]
[BlackElo "1450"]
[PlyCount "47"]
[EventDate "2009.01.08"]
[EventType "swiss"]
[EventRounds "7"]
[EventCountry "COL"]
[SourceTitle "EXT 2024"]
[Source "ChessBase"]
[SourceDate "2023.10.10"]
[SourceVersion "1"]
[SourceVersionDate "2023.10.10"]
[SourceQuality "1"]

1. e4 e5 2. Nf3 Nc6 3. d4 Bd6 4. dxe5 Bxe5 5. Nxe5 Nxe5 6. Be2 Nf6 7. Nc3 b6 8. 0-0 Bb7 9. Bf4 d6 10. Bxe5 dxe5 11. Bf3 Qd7 12. Qxd7+ Nxd7 13. Nd5 Bxd5 14. exd5 Nf6 15. Rfe1 e4 16. Bxe4 0-0-0 17. Bf5+ Kb8 18. Be4 Nxe4 19. Rxe4 Rxd5 20. Re7 Rhd8 21. Kf1 R8d7 22. Re8+ Rd8 23. Rxd8+ Rxd8 24. Re1 1/2-1/2

[Event "COL-ch U10"]
[Site "Manizales"]
[Date "2009.01.08"]
[Round "2.8"]
[White "Cardenas, Kevin Estiven"]
[Black "Navarro, Luis Eduardo"]
[Result "1/2-1/2"]
[WhiteElo "1500"]
[BlackElo "1479"]
[PlyCount "66"]
[EventDate "2009.01.08"]
[EventType "swiss"]
[EventRounds "7"]
[EventCountry "COL"]
[SourceTitle "EXT 2024"]
[Source "ChessBase"]
[SourceDate "2023.10.10"]
[SourceVersion "1"]
[SourceVersionDate "2023.10.10"]
[SourceQuality "1"]

1. e4 e5 2. Nf3 Nc6 3. d4 exd4 4. Nxd4 Nxd4 5. Qxd4 d6 6. Be2 Nf6 7. e5 dxe5 8. Qxe5+ Qe7 9. Qxe7+ Bxe7 10. 0-0 0-0 11. Re1 Re8 12. Bg5 Bf5 13. c3 h6 14. Bh4 a6 15. Nd2 Nd5 16. Bxe7 Nxe7 17. Bf3 c6 18. Nc4 Rad8 19. Rad1 Nc8 20. h3 Rxe1+ 21. Rxe1 Be6 22. b3 Ne7 23. Rd1 Rxd1+ 24. Bxd1 Bxc4 25. bxc4 c5 26. Kf1 f6 27. Ke2 Kf7 28. Ke3 Ke6 29. Ke4 f5+ 30. Kd3 a5 31. f4 b6 32. g3 Ng6 33. Be2 Kd6 1/2-1/2

[Event "COL-ch U10"]
[Site "Manizales"]
[Date "2009.01.08"]
[Round "1.1"]
[White "Zapata Arbelaes, Estiven"]
[Black "Cardenas, Kevin Estiven"]
[Result "1-0"]
[WhiteElo "2057"]
[BlackElo "1500"]
[PlyCount "55"]
[EventDate "2009.01.08"]
[EventType "swiss"]
[EventRounds "7"]
[EventCountry "COL"]
[SourceTitle "EXT 2024"]
[Source "ChessBase"]
[SourceDate "2023.10.10"]
[SourceVersion "1"]
[SourceVersionDate "2023.10.10"]
[SourceQuality "1"]

1. e4 c5 2. Nf3 Nc6 3. Bb5 a6 4. Bxc6 bxc6 5. b3 Nf6 6. Nc3 g6 7. Bb2 Bg7 8. d3 0-0 9. 0-0 Re8 10. Re1 d5 11. exd5 cxd5 12. Na4 Qc7 13. Be5 Qc6 14. d4 c4 15. Nc5 cxb3 16. cxb3 Bg4 17. h3 Ne4 18. hxg4 Nxc5 19. dxc5 Qxc5 20. Bxg7 Kxg7 21. Rc1 Qd6 22. Qd4+ Kg8 23. Qe5 Qd7 24. Nd4 Qxg4 25. f3 Qd7 26. Rc7 Qd8 27. Nc6 f6 28. Qe6+ 1-0